000 00610nam a22001337a 4500
040 _cRUA
082 _aAVM HON 2013 B105 Or.1
100 _aHON, VIDA.
245 _aStudy on gasto-intestinal parasite in cattle at ponhealeu district, kandal province, ការសិក្សាបរាសិតនៅក្នុងក្រពះ បោះវៀនគោ នៅស្រុកពញាឭ ខេត្តកណ្តាល.
260 _aphnom penh
_bRUA
_c2013
300 _aXI,40p.
_bill.
_c29cm.
856 _uhttps://drive.google.com/file/d/1gdTVQ87-PXs_zzsD4bij5RNy3Ewrnn73/view?usp=sharing
942 _cAVM
999 _c2715
_d2715